000 00791nam a2200253Ia 4500
003 OSt
005 20220925235746.0
006 a|||||r|||| 00| 0
007 ta
008 220923b |||||||| |||| 00| 0 eng d
020 _a9789382292145
_c2970.75
037 _bCBS/005, 24/05/2013, CLASSIC BOOKS SERVICES
_cGeneral Book
040 _aRTL
_cRTL
_beng
041 _2eng
_aeng
082 _aX:(B2898), Q3
100 _aSMITH Gary
_915169
245 0 _aEssential statistics, regression and econometrics.
260 _a New Delhi
_bElsevier
_c2013
300 _axii,381p.
_ccm.
500 _aNote: Hindi Edition
650 _aEconomics
942 _hX:(B2898), Q3
_cGB
_2CC
999 _c597889
_d597889